Normal view
MARC view
- إعداد وتعليق وتقديم سليم، محمد إبراهيم
Entry Personal Name
001 - CONTROL NUMBER
- control field: 49172
003 - CONTROL NUMBER IDENTIFIER
- control field: JO-AjAnu
005 - DATE AND TIME OF LATEST TRANSACTION
- control field: 20230606082114.0
008 - FIXED-LENGTH DATA ELEMENTS
- fixed length control field: 230606|| aca||aabn | a|a d
040 ## - CATALOGING SOURCE
- Original cataloging agency: JO-AjAnu
- Transcribing agency: JO-AjAnu
100 ## - HEADING--PERSONAL NAME
- Personal name: إعداد وتعليق وتقديم سليم، محمد إبراهيم
670 ## - SOURCE DATA FOUND
- Source citation: Work cat.: (JO-AjAnu)25149: إعداد وتعليق وتقديم سليم، محمد إبراهيم , author, ديوان الإمام الشافعي المسمى الجوهر النفيس في شعر الإمام محمد بن إدريس